Atatürk : an intellectual biography /
| Autor principal: | |
|---|---|
| Formato: | Libro |
| Lenguaje: | English |
| Publicado: |
Princeton :
Princeton University Press,
c2011.
|
| Materias: | |
| Acceso en línea: | Contributor biographical information Publisher description Table of contents only |
| Classic Catalogue: | View this record in Classic Catalogue |
| LEADER | 02129nam a22004094a 4500 | ||
|---|---|---|---|
| 001 | 29034 | ||
| 003 | BD-DhAAL | ||
| 005 | 20150320142834.0 | ||
| 008 | 150320s2011 njua b 001 0beng | ||
| 010 | |a 2010043767 | ||
| 020 | |a 9780691151090 | ||
| 020 | |a 0691151091 | ||
| 035 | |a (OCoLC)ocn671573404 | ||
| 040 | |a DLC |c DLC |d YDX |d YDXCP |d ERASA |d BWX |d VP@ |d DLC |d BD-DhAAL | ||
| 043 | |a a-tu--- | ||
| 050 | 0 | 0 | |a DR592.K4 |b H36 2011 |
| 082 | 0 | 0 | |a 956.1024092 |2 22 |
| 100 | 1 | |a Hanioğlu, M. Şükrü. |9 9933 | |
| 245 | 1 | 0 | |a Atatürk : |b an intellectual biography / |c M. Şükrü Hanioğlu. |
| 260 | |a Princeton : |b Princeton University Press, |c c2011. | ||
| 300 | |a xvi, 273 p. : |b ill. ; |c 23 cm. | ||
| 504 | |a Includes bibliographical references (p. [233]-254) and index. | ||
| 505 | 0 | |a Fin-de-siècle Salonica -- Das Volk in Waffen : the formation of an Ottoman officer -- The scientism of the Young Turks -- From wars to the Great War : a hero is born -- Muslim communism? : the Turkish War of Independence -- The secular republic -- Nationalism and Kemalism -- Turkey and the West. | |
| 541 | |e 29034 | ||
| 600 | 1 | 0 | |a Atatürk, Kemal, |d 1881-1938. |9 9934 |
| 600 | 1 | 0 | |a Atatürk, Kemal, |d 1881-1938 |x Political and social views. |9 9935 |
| 600 | 1 | 0 | |a Atatürk, Kemal, |d 1881-1938 |x Knowledge and learning. |9 9936 |
| 650 | 0 | |a Social change |z Turkey |x History |y 20th century. |9 9937 | |
| 651 | 0 | |a Turkey |x Politics and government |y 1918-1960. |9 9938 | |
| 651 | 0 | |a Turkey |x Intellectual life |y 20th century. |9 9939 | |
| 651 | 0 | |a Turkey |x Social conditions |y 20th century. |9 9940 | |
| 856 | 4 | 2 | |3 Contributor biographical information |u http://www.loc.gov/catdir/enhancements/fy1113/2010043767-b.html |
| 856 | 4 | 2 | |3 Publisher description |u http://www.loc.gov/catdir/enhancements/fy1113/2010043767-d.html |
| 856 | 4 | 1 | |3 Table of contents only |u http://www.loc.gov/catdir/enhancements/fy1113/2010043767-t.html |
| 942 | |2 ddc |c BK | ||
| 999 | |c 34114 |d 34114 | ||
| 952 | |0 0 |1 0 |2 ddc |4 0 |6 956_102409200000000_HAN |7 0 |9 53234 |a BRACUL |b BRACUL |c GEN |d 2015-03-20 |e Karim International |g 1500.00 |l 7 |m 54 |o 956.1024092 HAN |p 3010029034 |r 2026-05-18 |s 2026-04-12 |t 1 |w 2015-03-20 |y BK | ||